000 00248nam a2200097Ia 4500
008 170620s9999 xx 000 0 und d
100 _aKumar- Pradeep
245 0 _aOrigami Japanese art of Paper Folding-3
260 _bDelhi : Indica Publishers
260 _c1998
300 _a20
999 _c28022
_d28022